A new dictionary of the portuguese and english languages

Uloženo v:
Podrobná bibliografie
Hlavní autor: Michaelis, Henriette (autora)
Médium: Kniha
Jazyk:angličtina
Vydáno: Nueva York Frederick Ungar Publishing 1945
Témata:
Tagy: Přidat tag
Žádné tagy, Buďte první, kdo vytvoří štítek k tomuto záznamu!

MARC

LEADER 00000nam a2200000 a 4500
001 UCX6444
003 CL-VaPUC
008 930615e19450000US |||||||||||||||||eng|d
082 0 4 |a 423.69  |b MIC  |2 21 
100 |a Michaelis, Henriette  |e autora  |9 322925 
245 1 2 |a A new dictionary of the portuguese and english languages 
246 1 0 |a Novo dicionario de liogua potuguesa e inglesa 
300 |a v 
942 |c BK 
945 |d 19930615 00:00:00 
260 |a Nueva York  |b Frederick Ungar Publishing  |c 1945 
500 |a v.2: English -Portuguese 
500 |a Inglez -Portuguesa 
650 7 |a DICCIONARIOS INGLES-PORTUGUES  |2 CL-VaPUC  |9 322926 
583 |a last modification  |c 19930615 00:00:00  |k Rodrigo Vera 
999 |c 226462  |d 226460 
952 |0 0  |1 0  |4 0  |6 423_690000000000000_MIC_1945  |7 0  |8 X  |9 224829  |a BIBEDU  |b BIBEDU  |d 2019-11-15  |h v.2  |i 2935597  |o 423.69 MIC 1945  |p 2935597  |r 2023-01-13  |w 2019-11-15  |y BK_X  |k LIT